| 000 | 00916cab a2200217 4500 | ||
|---|---|---|---|
| 001 | ABS38730 | ||
| 008 | 090401t1988 xxu||||| |||| 00| 0 eng d | ||
| 035 | _a(Sirsi) u12179 | ||
| 041 | _aeng | ||
| 100 | _aThompson, D. | ||
| 245 | _aProperty management and the accountant | ||
| 260 | _c1988 | ||
| 350 | _a0 | ||
| 490 |
_aThe Accountant _v(5809) January 1988, 8-9(2) |
||
| 520 | _aThis article explains why property management is a service which is benefiting more and more from the advice and knowledge of accountants. Pays particular attention to the effect of the Landlord and Tenant Act 1987 , the tenant`s right to first refusal, the appointment of managers, variation of terms of the lease, service charge provisions and information which should be supplied to tenants. | ||
| 650 | _aFLATS | ||
| 650 | _aLEASEHOLD PROPERTIES | ||
| 690 | _aPRACTICE AND TECHNIQUES | ||
| 942 | _n0 | ||
| 948 | _c04/03/1997 | ||
| 999 |
_c7793 _d7793 |
||